000
00290nam a22001337a 4500
008
181009b xxu||||| |||| 00| 0 eng d
020
_a
9780321838698
041
_a
eng
080
_a
331
100
_a
55
101
_a
STA
245
_a
Business Statistics
_c
Sharpe,N.R
942
_2
udc
_c
BK
999
_c
49148
_d
49148